00752nam a2200229Ia 45000010006000000050017000060070003000230080041000260400025000670410008000920820024001001000024001242450072001482500013002202600041002333000018002746530024002926530016003169420012003329520161003449990017005055221020240114005255.0ta100428s2008 g b000 u asm u aCotton College,Assam aasm a891.4108bMa 295 Aj aMalik, Syed Abdul . 0aAjan Fakir Aru Suriya Jikir /cSyed Abdul Malik.hTextual Documents a4th ed / aGuwahati :bStudents Stores ,c2008. a85pg ;c29cm. aAssamese literature aG- Assamese 2ddccBK 001040708Circulation(G)aSKBLbSKBLd2012-02-01f00000l1m2o891.4108 Ma 295 Ajp1652/Elq2026-07-03r2024-04-26 14:41:40s2024-04-26t1w2012-02-01yBK c52174d52174